000 00506nam a2200133Ia 4500
005 20260209120144.0
008 260209s9999||||xx |||||||||||||| ||und||
100 _aAshish Tripathi
245 0 _aComparative analysis of trans-border reputation of the well-known marks : a need for reciprocity
260 _aBangaloreBangalore
_bNLSIU, Bangalore
_c2021
300 _a57 p. ; 25 cm.
700 _aProf. T Ramakrishna - GuideProf. T Ramakrishna - Guide
856 _uhttps://dans.nls.ac.in/handle/123456789/858
999 _c217494
_d217494